| 000 | 00597nam a22001817a 4500 | ||
|---|---|---|---|
| 005 | 20251108173300.0 | ||
| 008 | 250721s2002 xx 000 0 ara d | ||
| 082 | 1 | 4 | _a813.009/درو |
| 100 | 1 | _aالصفدي، صلاح الدين خليل بن أيبك | |
| 245 | 1 | 0 | _aمقامة رشف الرحيق في وصف الحريق / |
| 264 | 1 |
_aعمان : _bدار البشير للنشر والتوزريع، _c2002. |
|
| 300 | _a137 ص | ||
| 650 | 1 | 7 | _aالمقامات |
| 650 | 1 | 7 | _aالرايات العربية |
| 700 | 1 | _aالدروبي، سمير | |
| 942 |
_2ddc _cBK |
||
| 999 |
_c100301 _d100301 |
||